000 00394nam a22001577a 4500
999 _c1162
_d1162
005 20220804083740.0
008 220804b ||||| |||| 00| 0 eng d
020 _a9781490526560
040 _cKH8
082 _aFIC BEN
100 _aBennet, Emma
_eAuthor
245 _aThe green hills of home /
_cEmma Bennet
260 _aCharleston:
_c2013.
300 _a171 p. ;
_c20 cm.
942 _2ddc
_cFIC